000 01116nam a22002537a 4500
001 BD-DhSAU 8773
003 BD-DhSAU
005 20181212115715.0
008 150613b2013 bg a|||| m||| 00| 0 eng d
040 _aBD-DhSAU
082 _222
_a595.7
_bH7949
100 _aHossain, Md. Imran
_eRegistration # 06-01849
245 _aEffect of irrigation and growth regulator on chlorophyll content, relative water content and yield of mungbean (vigna radiate L.) /
_bMS thesis
_cMd. Imran Hossain
260 _aSher-e-Bangla Agricultural University :
_bDepartment of Agricultural Chemistry,
_c2013.
300 _avi, 52 p. :
_bill. ;
_c29 cm.
500 _aMS thesis of Department of Agricultural Chemistry, Faculty of Agriculture, Sher-e-Bangla Agricultural University, Dhaka, Bangladesh
504 _aIncludes bibliographical reference.
590 _aJerin
650 _aAgricultural Chemistry
700 _aRazzaque, Md. Abdur
_eSuperviser
700 _aIslam, Md. Shahidul
_eCo-superviser
856 _uhttp://archive.saulibrary.edu.bd:8080/xmlui/handle/123456789/1980
942 _2ddc
_cTHESIS
999 _c8773
_d8773